000 003810000a22001810004500
005 20120302055241.0
942 _cBOOK
100 _a Vinoba
245 _a Bhagawaddharma-Saar
250 _a 2
260 _aPawanaar:Paradhaam Prakashan,1964.
300 _a6,146p.
040 _aMAR
365 _b1.25/-
650 _aPuran
650 _aDharma
650 _aBhagawatdharma
999 _c347898
_d347895